000 00689nam a22002297a 4500
003 UA-OsUOA
001 97218
007 ta
008 20130327b un ||||| |||| 00| 0 ukr d
100 _aСмовженко Т.С.
700 _aМіщенко С.В.
090 _a330(477)
_bС51
942 _cSA
040 _aUA-OsUOA
_bfre
_cUA-OsUOA
_dUA-OsUOA
245 _aПроблеми розвитку безготівкових роздрібних платежів в Україні
300 _aС.56-68
955 _a0
041 _afre
080 _a330(477)
773 0 _w97210
_tФінанси України
_dК.
_d2012
_g10
650 7 _a330 Економіка взагалі
_2UDC
999 _c383423
_d383423